| 000 | 00637nam a22001815i 4500 | ||
|---|---|---|---|
| 001 | 53305 | ||
| 003 | ES-MaACL | ||
| 005 | 20230906162736.0 | ||
| 007 | t| | ||
| 008 | 950921s1879 it ||||1| lat d | ||
| 040 |
_aCAM _bspa _cCAM |
||
| 245 | 0 | 0 |
_aEphemeris ephigraphica _b: corporis inscriptorum latinarum supplementum / _cedita iussu Instituti Archaelogici Romani cura G. Henzeni, Th. Mommseni, I. B. Rossi. |
| 260 |
_aRomae : _bapud Institutum Berolini apud Georgium Reimerum, _c1879. |
||
| 300 |
_a1 v. ; _c27 cm. |
||
| 500 | _aEs el tomo IV. | ||
| 650 | 4 |
_aInscripciones latinas- _zItalia. _9160328 |
|
| 852 |
_aES-MaACL _jG-13136 |
||
| 999 |
_c53305 _d53305 |
||